| 000 | 00618cam a2200193 4500 | ||
|---|---|---|---|
| 001 | D15960 | ||
| 008 | 090401t1983 xxu||||| |||| 00| 0 eng d | ||
| 035 | _a(Sirsi) u26108 | ||
| 041 | _aeng | ||
| 050 | _a690.2017 | ||
| 110 |
_aRoyal Institution of Chartered Surveyors _bBuilding Surveyors Division _94964 |
||
| 245 | _aProfessionalism and consumerism | ||
| 260 |
_aLondon _bSurveyors` Technical Services _c1983 |
||
| 300 | _a7p. 30cm | ||
| 350 | _a0 | ||
| 520 | _aFiled in box RICS 1983/32 ABC; Paper given at Building Surveyors` Symposium, Park Lane, Hotel, 11 October 1983 | ||
| 942 | _n0 | ||
| 948 | _c04/03/1997 | ||
| 999 |
_c88880 _d88880 |
||